| 000 | 00860nab a2200241u 4500 | ||
|---|---|---|---|
| 001 | 07326 | ||
| 003 | HDC | ||
| 007 | c| |||a|c|aaaa | ||
| 008 | 210128b20160429my ||||| |||| 00| 0 may d | ||
| 040 | _aHDC | ||
| 100 |
_aChe Wan Badrul Alias _97791 |
||
| 245 | 0 |
_aFirma farmaseutikal Switzerland pilih Kuala Lumpur : _bPusat Perkhidmatan Global Novartis baru dibuka di Malaysia / _cChe Wan Badrul Alias |
|
| 336 |
_atext _2rdacontent |
||
| 337 |
_acomputer _2rdamedia |
||
| 338 |
_aonline resource _2rdacarrier |
||
| 650 |
_aNovartis International _97845 |
||
| 650 |
_apharmaceutical firm _97846 |
||
| 710 | _aBerita Harian | ||
| 856 | _zRequest full-text at [email protected] | ||
| 942 | _2lcc | ||
| 942 | _cNEWS | ||
| 942 | _kNWSC 001375 | ||
| 999 |
_c4650 _d4650 |
||